000 00384nam a2200157Ia 4500
008 231217s9999 xx 000 0 und d
041 _aEnglish
082 _a001.6424C BRO;1 ' R'
100 _aBronson, Gary J
245 2 _aA first book of C++: From here to there
250 _a2nd ed.
260 _c2000
_bBrooks/Cole
300 _axv+800
650 _aC++
942 _cAA
999 _c167615
_d167615